US States & Canadian Provinces Closest to Maine - Statistics

General Stats
  • This quiz has been taken 259 times
  • The average score is 17 of 20
Answer Stats
km state/province miles % Correct
0 Québec 0
97%
180 New York 112
96%
32 Vermont 20
95%
255 Ontario 159
94%
0 New Hampshire 0
93%
129 Rhode Island 80
93%
147 Connecticut 91
92%
23 Massachusetts 14
90%
374 Pennsylvania 233
88%
562 Maryland 349
87%
348 New Jersey 216
86%
533 Delaware 331
83%
637 Newfoundland and Labrador 396
83%
796 Ohio 494
82%
0 New Brunswick 0
81%
74 Nova Scotia 46
81%
680 Virginia 422
80%
258 Prince Edward Island 160
79%
707 West Virginia 439
78%
849 North Carolina 527
66%
No matching quizzes found
Score Distribution
Percent of People with Each Score
Percentile by Number Answered
Your Score History
You have not taken this quiz